<?xml version="1.0" encoding="UTF-8"?>
<collection xmlns="http://www.loc.gov/MARC21/slim">
 <record>
  <leader>00509pamaa2200169   4500</leader>
  <controlfield tag="001">0000034684</controlfield>
  <controlfield tag="005">20190807090000.0</controlfield>
  <datafield tag="020" ind1="0" ind2="0">
   <subfield code="a">157851701X </subfield>
  </datafield>
  <datafield tag="020" ind1=" " ind2=" ">
   <subfield code="a">9781578517015 (pbk.) </subfield>
  </datafield>
  <datafield tag="082" ind1=" " ind2=" ">
   <subfield code="a">658.3 HAR</subfield>
  </datafield>
  <datafield tag="090" ind1="0" ind2="0">
   <subfield code="a">HF5549.5.C67 </subfield>
   <subfield code="b">HAR 2001</subfield>
  </datafield>
  <datafield tag="245" ind1="0" ind2="0">
   <subfield code="a">HARVARD business review on compensation.</subfield>
  </datafield>
  <datafield tag="260" ind1="0" ind2="0">
   <subfield code="a">Boston: </subfield>
   <subfield code="b">A Harvard Business Review Paperback, </subfield>
   <subfield code="c">2001.</subfield>
  </datafield>
  <datafield tag="300" ind1=" " ind2=" ">
   <subfield code="a">vii, 208p.: </subfield>
   <subfield code="b">21cm.</subfield>
  </datafield>
  <datafield tag="440" ind1="0" ind2="0">
   <subfield code="a">Harvard business review series</subfield>
  </datafield>
  <datafield tag="650" ind1="0" ind2="0">
   <subfield code="a">Compensatioin management </subfield>
  </datafield>
  <datafield tag="650" ind1="0" ind2="0">
   <subfield code="a">Wages and labor productivity </subfield>
  </datafield>
 </record>
</collection>
